Ley N° 19.947 de matrimonio civil: seminario
Uloženo v:
| Korporativní autor: | |
|---|---|
| Médium: | Kniha |
| Jazyk: | španělština |
| Vydáno: |
Santiago
Academia Judicial
2004
|
| Témata: | |
| Tagy: |
Přidat tag
Žádné tagy, Buďte první, kdo vytvoří štítek k tomuto záznamu!
|
MARC
| LEADER | 00000nam a2200000 a 4500 | ||
|---|---|---|---|
| 001 | UCK4362 | ||
| 003 | CL-VaPUC | ||
| 005 | 20211125074232.0 | ||
| 008 | 050603e20040000cl 1 spa d | ||
| 999 | |c 384132 |d 384130 | ||
| 040 | |c Pontificia Universidad Católica de Valparaíso | ||
| 082 | 0 | 4 | |a 346.83016 |b ACA |2 21 |
| 110 | 2 | |a Academia Judicial |e author |9 620726 | |
| 245 | 1 | 0 | |a Ley N° 19.947 de matrimonio civil: seminario |
| 260 | |a Santiago |b Academia Judicial |c 2004 | ||
| 300 | |a 132 p | ||
| 518 | |p Seminario Nueva Ley de Matrimonio Civil, 1, Santiago, 13 y 14 de octubre de 2004 | ||
| 536 | |a Academia Judicial | ||
| 546 | |a En Español | ||
| 583 | |a last modification |c 20190823 10:49:19 |k Rodrigo Vera | ||
| 600 | 1 | 7 | |a LEY N§ 19.947 |2 CL-VaPUC |9 620727 |
| 650 | 0 | 0 | |a Derecho civil chileno |9 320612 |
| 650 | 0 | 0 | |a Matrimonio civil |9 385406 |
| 650 | 0 | 0 | |a Derecho de familia |9 255603 |
| 650 | 0 | 0 | |a Divorcio |9 256204 |
| 651 | 7 | |a CHILE |2 CL-VaPUC |9 620728 | |
| 852 | |a BIBCUR | ||
| 942 | |c BK |2 ddc | ||
| 945 | |a cmena |d 20050603 00:00:00 | ||
| 952 | |0 0 |1 0 |4 0 |6 346_830160000000000_ACA_2004 |7 0 |8 A |9 506608 |a BIBDER |b BIBDER |d 2020-01-23 |i 413477K |o 346.83016 ACA 2004 |p 413477K |r 2023-01-25 |w 2020-01-23 |y BK |k DER | ||